000 00928cam a2200265 i 4500
005 20200104041512.0
008 961203s1997 mdua b 001 0 eng
020 _a080185573X
020 _a0801855748 (pbk.)
040 _aDLC
_cDLC
_dCO-BoIAVH
041 _aeng
044 _aenk
082 0 4 _a333.9516
_bH33h
245 0 0 _aHarvesting wild species :
_bimplications for biodiversity conservation /
_cedited by Curtis H. Freese.
260 _aBaltimore :
_bJohns Hopkins University Press,
_c1997.
300 _axii, 703 p. :
_bill. ;
_c23 cm.
504 _aIncluye referencias bibliográficas e índice.x.
650 1 4 _aDiversidad biológica
_xConservación
650 2 4 _aConservación biológica
650 2 4 _aDesarrollo sostenible
650 2 4 _aConservación de los recursos naturales
650 2 4 _aGestión ambiental
700 1 _aFreese, Curtis H.,
_eeditor
942 _2ddc
_cLIBRO
999 _c546
_d546